000 00904nam a2200313Ia 4500
001 Z_250
003 CHAP
008 220113s9999 xx 000 0 und d
010 _a163224
040 _cCHAP
082 _a612 S36
100 _aSchottelius, Byron A.
_9137526
245 _aFisiologia /
_cByron A. Schottelius y Dorothy D. Schottelius; traducción Roberto Folch Fabre
250 _a2a ed. en español
260 _aD. F.; México :
_bInteramericana,
_c
300 _aviii, 536 p.
500 _aTraducción de la obra en inglés: Textbook of physiology 17a ed.
503 _aej.1: s/n
504 _aIncluye bibliografía
650 _aFisiología humana
_9137527
700 _a Folch Faber, Roberto, tr.
_9137528
700 _aSchottelius, Dotothy D., aut.
_9137529
901 _a612 S36
902 _aM
910 _a
942 _c1
942 _cc1
999 _c163224
_d163224